| 000 | 00714cam a22002413a 4500 | ||
|---|---|---|---|
| 001 | 19386 | ||
| 003 | PGUSA | ||
| 005 | 20140828083418.0 | ||
| 008 | 060926s2006||||xxu|||||s|||||000 e eng d | ||
| 040 |
_aPGUSA _beng |
||
| 042 | _adc | ||
| 050 | 4 | _aPR | |
| 100 | 1 |
_aTupper, Martin Farquhar, _d1810-1889 |
|
| 245 | 1 | 3 |
_aAn Author's Mind : _bThe Book of Title-pages _h[electronic resource] / _cMartin Farquhar Tupper |
| 260 |
_bProject Gutenberg, _c2006 |
||
| 500 | _aThe Complete Prose Works of Tupper, Volume 5 | ||
| 506 | _aPublic domain in the USA. | ||
| 516 | _aElectronic text | ||
| 653 | _aEssays | ||
| 830 | 0 |
_aProject Gutenberg _v19386 |
|
| 856 | 4 | 0 | _uhttp://www.gutenberg.org/ebooks/19386 |
| 942 | _cEB | ||
| 999 |
_c248641 _d248641 |
||